000 00598nam a22001937a 4500
005 20231123113325.0
010 _aENG-138055
020 _a9789390427376
_c999.00
035 _aEN-121587
037 _bDBAD/PUB
082 _a610.7343
100 _aLakshmi, S. Bhagya
_959017
245 _aCommunity Health Nursing-I/
_cBy S. Bhagya Lakshmi
260 _aAndhra Pradesh
_bVijayam Publications
_c2023
270 _a14-7-13, Sambhamurty Road, Hanumanpet
_bVijayawada
_e520003
300 _av.p.
_c28cm(pbk)
700 _aSubhash Khanna
_956652
942 _2ddc
_cEN
_h617.7343
_mLAK
999 _c198155
_d198155